LEADER 01022nam0-2200325---450- 001 990008293980403321 005 20060314113322.0 035 $a000829398 035 $aFED01000829398 035 $a(Aleph)000829398FED01 035 $a000829398 100 $a20060314d1978----km-y0itay50------ba 101 0 $aita 102 $aIT 105 $aa-------001yy 200 1 $aNuovo corso di analisi chimica qualitativa$eguida teorico-pratica per la ricerca rapida delle sostanze pił comuni$fA. Araneo, I. Liverani 205 $a2. ed. 210 $aMilano$cAmbrosiana$d1978 215 $aXII, 206 p., [5] c. di tav.$cill.$d23 cm 610 0 $aChimica analitica qualitativa 676 $a544 700 1$aArąneo,$bAntonio$c$0429891 701 1$aLiverani,$bImelde$0364023 801 0$aIT$bUNINA$gRICA$2UNIMARC 901 $aBK 912 $a990008293980403321 952 $a80 V A 14 CFT (1)$bCFT 027$fFFABC 959 $aFFABC 996 $aNuovo corso di analisi chimica qualitativa$9745884 997 $aUNINA LEADER 00940nam0-22002891i-450- 001 990005552610403321 005 20050831093820.0 035 $a000555261 035 $aFED01000555261 035 $a(Aleph)000555261FED01 035 $a000555261 100 $a19990604d1972----km-y0itay50------ba 101 0 $aeng 105 $ay-------001yy 200 1 $aOrigins of papal infallibility 1150-1350$eA study on the concepts of infallibility, sovereignty and tradition in the Middle Ages$fby Brian Tierney 210 $aLeiden$cE.J. Brill$d1972 215 $aVIII, 298 p.$d23 cm 225 1 $aStudies in the history of Christian thought$v6 676 $a262.131$v21$zita 700 1$aTierney,$bBrian$0161941 801 0$aIT$bUNINA$gRICA$2UNIMARC 901 $aBK 912 $a990005552610403321 952 $a262.131 TIE 1$bBIBL. 56470$fFLFBC 959 $aFLFBC 996 $aOrigins of papal infallibility 1150-1350$9611976 997 $aUNINA